000 00638nam a2200205Ia 4500
001 8773
003 GE_BSU
008 181216s||||||||xx |||||||||||||| ||und||
040 _cGE_BSU
080 _a821.353.1-32
100 _aიორამაშვილი,სოსო
245 _aმოთხრობები
245 _cრედ:მ.ლებანიძე;მხატვ:თ.მირზაშვილი.
260 _aთბილისი.
260 _bსაბჭ.საქართველო
260 _c1965.
300 _a199გვ; 20სმ.
653 _aმოთხრობები.
942 _cBK
999 _c42083
_d42083